| 000 | 00483nam a22001697a 4500 | ||
|---|---|---|---|
| 005 | 20260310155336.0 | ||
| 008 | 260309b |||||||| |||| 00| 0 eng d | ||
| 020 | _a978-93-89184-49-5 | ||
| 041 | _aeng | ||
| 082 | _a631.584 MAL-P | ||
| 100 |
_aMALIWAL, P. L. _98886 |
||
| 245 | _aPRINCIPLES OF ORGANIC FARMING: TEXTBOOK [As per Syllabus of 5th Dean's Committee, ICAR] | ||
| 260 |
_aJODHPUR _bSCIENTIFIC PUBLISHERS _c2020 |
||
| 300 | _a180;P | ||
| 650 | _aAGRICULTURE | ||
| 942 | _cBK | ||
| 999 |
_c9065 _d9063 |
||